000
00291 a2200109 4500
001
ART_5898
005
20260410161618.0
008
260409a
245
1
0
_a
Contabilidad de gestión
100
1
_a
Smolje, Alejandro R.
773
0
_t
Enfoques
_g
- Nº 10 (oct. 2007)
_w
REV416
999
_c
11277
_d
11277